Jugadores del Fútbol Club Barcelona - Estadísticas

Estadísticas generales
  • Esta prueba ha sido intentada 482 veces
  • La puntuación promedio es 15 de 16
Estadísticas de respuestas
Imagen Respuesta % Correcto
Lionel Messi
100%
Andrés Iniesta
99%
Neymar
99%
Xavi Hernandez
99%
Gerard Pique
98%
Luis Suarez
98%
Ronaldinho
97%
Dani Olmo
96%
David Villa
96%
Ronald Araujo
96%
Frenkie De Jong
95%
Kounde
95%
Luis Figo
91%
Thierry Henry
89%
Rivaldo
88%
Samuel Eto’o
88%
No se encontraron pruebas coincidentes
Distribución de puntuación
Porcentaje de gente con cada puntuación
Porcentaje por número respondido
Historial de tus puntuaciones
No has intentado esta prueba.